Online Catalogue and eLibrary

The Ninth Buddha (Record no. 3334)

MARC details
000 -LEADER
fixed length control field 00388nam a2200169Ia 4500
005 - DATE AND TIME OF LATEST TRANSACTION
control field 20241118235342.0
008 - FIXED-LENGTH DATA ELEMENTS--GENERAL INFORMATION
fixed length control field 240331s9999 xx 000 0 und d
020 ## - INTERNATIONAL STANDARD BOOK NUMBER
ISBN 0586072705
082 ## - DDC Classification
Item Number - Author Mark EAS
Class No. 823
100 ## - MAIN ENTRY--PERSONAL NAME
Personal name Easterman, D
245 #4 - TITLE STATEMENT
Title The Ninth Buddha
260 ## - PUBLICATION, DISTRIBUTION, ETC.
Place of publication, distribution, etc. London
Name of publisher, distributor, etc. Grafton Books
Date of publication, distribution, etc. 1989
300 ## - PHYSICAL DESCRIPTION
Extent (e.g. Volumes, Pages etc.) 491 p .,
650 ## - SUBJECT ADDED ENTRY--TOPICAL TERM
Topical term or geographic name entry element Mystery
650 ## - SUBJECT ADDED ENTRY--TOPICAL TERM
Topical term or geographic name entry element Buddhisum
942 ## - Koha item type (Biblio)
Koha item type Books in Stacks (Lending)
Holdings
Lost status Damaged status Collection code Home library Current library Shelving location Date acquired Full call number Accession Number Item type
    Lending WERC Library WERC Library Social Science Cupboard 03/31/2024 823 EAS 624 Books in Stacks (Lending)

© WERC Library